| 000 | 00767aab a2200241 i 4500 | ||
|---|---|---|---|
| 001 | 768714001 | ||
| 003 | CO-MdFUSB | ||
| 005 | 20260305202500.0 | ||
| 008 | 240805t1996 -us||||| |||| 00| 0 eng d | ||
| 040 |
_bspa _cCO-MdFUSB |
||
| 041 | _aeng | ||
| 100 | 1 |
_aScherer, James A. _eautor |
|
| 245 | 0 | 0 |
_aMy pilgrimage in mission _c/ James A. Scherer |
| 520 | _aEl autor narra su peregrinación en misión. | ||
| 546 | _aTexto en inglés. | ||
| 650 | 0 |
_aMisiones _9154 |
|
| 650 | 7 |
_aMisioneros _9931 |
|
| 650 | 0 |
_aBiografías cristianas _91238 |
|
| 650 | 0 |
_aVida cristiana _919 |
|
| 773 | 0 |
_tInternational Bulletin _049483 _961011 _gVolumen 20, (número 2, 1996), páginas: 71 - 76 _qpágina: 71 |
|
| 942 | _cANA | ||
| 945 | _aCatherine Arias Álvarez - Practicante SENA | ||
| 999 |
_c57407 _d57407 |
||